| 000 | 00786nam a2200145Ia 4500 | ||
|---|---|---|---|
| 008 | 231221s9999 xx 000 0 und d | ||
| 041 | _aEnglish | ||
| 082 | _aJNBT16-1129 | ||
| 100 | _aSasmita Sabat. Chaitra, L N. Ranjitha, R. | ||
| 245 | 0 | _aEvaluation of Antioxidant and Antimicrobial Activity of Wine from Various Sources | |
| 260 | _c2016 | ||
| 500 | _aEvaluation of Antioxidant and Antimicrobial Activity of Wine from Various Sources Sasmita Sabat, L.N.Chaitra and R.Ranjitha Department of Biotechnology, PES Institute of Technology, 100 Feet Road, Banashankari III Stage, Bangalore 560085, India International of Current Microbiology & Applied Sciences, 2016, Vol 5(3). 26-35 | ||
| 650 | _aEvaluation,Antioxidant,Antimicrobial,Activity,Wine,Various,Sources | ||
| 942 | _cIR | ||
| 999 |
_c233664 _d233664 |
||